[Event "FIDE Women's Grand Swiss"]
[Site "Samarkand UZB"]
[Date "2025.09.07"]
[Round "4.15"]
[White "Shukhman, Anna"]
[Black "Efroimski, Marsel"]
[Result "1/2-1/2"]
[WhiteTitle "WGM"]
[BlackTitle "IM"]
[WhiteElo "2420"]
[BlackElo "2377"]
[WhiteFideId "54180058"]
[BlackFideId "2810964"]
[EventDate "2025.09.04"]

1. e4 c5 2. Nf3 Nc6 3. Bb5 g6 4. O-O Bg7 5. c3 Nf6 6. Re1 O-O 7. d4 d5 8. e5 Ne4
9. Be3 cxd4 10. cxd4 Qb6 11. Bxc6 Qxc6 12. Ng5 Rd8 13. Qb3 Bf5 14. Nxe4 dxe4 15.
Nc3 Be6 16. Qa3 Bf8 17. Rac1 b6 18. Qa6 Bc4 19. d5 Bxd5 20. Nb5 Qb7 21. Qxb7
Bxb7 22. Rc7 Bd5 23. Nxa7 Bxa2 24. Bxb6 Rdb8 25. Bd4 Bd5 26. Rec1 e6 27. Nc8 Bh6
28. Ne7+ Kg7 29. Be3 Bxe3 30. fxe3 Rxb2 31. Nxd5 Raa2 32. Nf4 g5 33. Nxe6+ Kg6
34. Nd4 Rxg2+ 35. Kf1 Rxh2 36. R7c6+ Kh5 37. R6c2 Raxc2 38. Rxc2 Rxc2 39. Nxc2
Kg6 40. Nd4 f5 41. exf6 Kxf6 42. Ne2 h5 43. Ng3 h4 44. Nxe4+ Kf5 45. Nc3 g4 46.
Kf2 Ke5 47. Ne2 Ke4 48. Nf4 Kf5 49. Kf1 Kg5 50. Ke2 Kf5 51. Kf2 Ke4 52. Ke2 Kf5
53. Kf1 Kg5 54. Ng2 Kh5 55. Kf2 Kg5 56. Kg1 Kh5 57. Nf4+ Kg5 58. Kf2 Kf5 59. Ke2
Ke4 60. Nd3 Kf5 61. Nf4 Ke4 62. Nh5 Kf5 63. Kf2 Kg6 64. Nf4+ Kg5 65. Ng2 Kh5 66.
Ne1 Kg5 67. Nc2 Kf5 68. Nd4+ Ke4 69. Ne2 Ke5 1/2-1/2

[Event "FIDE Women's Grand Swiss"]
[Site "Samarkand UZB"]
[Date "2025.09.07"]
[Round "4.16"]
[White "Maltsevskaya, Aleksandra"]
[Black "Danielian, Elina"]
[Result "0-1"]
[WhiteTitle "IM"]
[BlackTitle "GM"]
[WhiteElo "2379"]
[BlackElo "2405"]
[WhiteFideId "24174041"]
[BlackFideId "13300210"]
[EventDate "2025.09.04"]

1. c4 c5 2. Nf3 Nc6 3. Nc3 e5 4. g3 g6 5. Bg2 Bg7 6. d3 Nge7 7. h4 h6 8. h5 gxh5
9. Rxh5 d6 10. e4 Bg4 11. Rh4 h5 12. Bg5 f6 13. Be3 Ng6 14. Rh2 h4 15. Qb3 h3
16. Bh1 Qd7 17. Ng1 O-O-O 18. f3 Be6 19. O-O-O Bh6 20. Bxh6 Rxh6 21. Bg2 Nd4 22.
Qa3 Kb8 23. Nce2 Nxe2+ 24. Nxe2 Rdh8 25. Bf1 f5 26. exf5 Bxf5 27. Qa5 Ne7 28. g4
Be6 29. Qe1 Nc6 30. Qg3 Qg7 31. Ng1 Qg5+ 32. Kb1 Nd4 33. a3 a5 34. Ka2 a4 35.
Rxh3 Rxh3 36. Nxh3 Qe3 37. Qf2 Bxc4+ 38. Kb1 Qxf2 39. Nxf2 Bb3 40. Rc1 Rh2 41.
Ne4 Nxf3 42. Nxd6 Nd2+ 43. Ka1 Bd5 44. Re1 Rh1 45. g5 Rxf1 46. Rxf1 Nxf1 47. g6
Ne3 48. g7 Ng4 49. Kb1 Nf6 50. Nb5 b6 51. Kc1 Kc8 52. Nc3 Bb3 0-1

[Event "FIDE Women's Grand Swiss"]
[Site "Samarkand UZB"]
[Date "2025.09.07"]
[Round "4.17"]
[White "Gaal, Zsoka"]
[Black "Kamalidenova, Meruert"]
[Result "1/2-1/2"]
[WhiteTitle "WGM"]
[BlackTitle "IM"]
[WhiteElo "2388"]
[BlackElo "2349"]
[WhiteFideId "777765"]
[BlackFideId "13712802"]
[EventDate "2025.09.04"]

1. c4 c5 2. Nc3 Nf6 3. g3 g6 4. Bg2 Nc6 5. e3 Bg7 6. Nge2 O-O 7. d4 e6 8. O-O
cxd4 9. Nxd4 d5 10. cxd5 Nxd4 11. exd4 Nxd5 12. Nxd5 exd5 13. Be3 Be6 14. Qb3
Qd7 15. a4 Rfc8 16. Rfc1 a5 17. Rc3 Rxc3 18. bxc3 Rc8 19. Bd2 h5 20. Qb6 Ra8 21.
h4 Bf6 22. Bf4 Bd8 23. Qb3 Rc8 24. Rb1 b6 25. Bf1 Bc7 26. Bb5 Qd8 27. Bg5 Qf8
28. Re1 Kh7 29. Bd3 Bd8 30. Bf4 Qe7 31. Ba6 Ra8 32. Bf1 Qd7 33. Bb5 Qb7 34. Bd3
Qc6 35. Qd1 Kg8 36. Qb3 Rc8 37. Bd2 Kg7 38. Ba6 Ra8 39. Bb5 Qb7 40. Bc1 Bf6 41.
Bf4 Rc8 42. Bd6 Bd7 43. Bxd7 1/2-1/2

[Event "FIDE Women's Grand Swiss"]
[Site "Samarkand UZB"]
[Date "2025.09.07"]
[Round "4.18"]
[White "Khalilova, Madinabonu"]
[Black "Balabayeva, Xeniya"]
[Result "1/2-1/2"]
[WhiteTitle "WCM"]
[BlackTitle "WGM"]
[WhiteElo "2148"]
[BlackElo "2383"]
[WhiteFideId "14223422"]
[BlackFideId "13719688"]
[EventDate "2025.09.04"]

1. d4 d5 2. c4 e6 3. Nf3 Nf6 4. g3 Be7 5. Bg2 O-O 6. O-O dxc4 7. Qc2 c5 8. dxc5
Nc6 9. Nbd2 Bxc5 10. Nxc4 Nb4 11. Qd2 Qe7 12. Qg5 h6 13. Qh4 Rd8 14. Be3 Bxe3
15. Nxe3 Bd7 16. Rfd1 Be8 17. a3 Na6 18. Ng4 Nc5 19. e3 Na4 20. Nxf6+ Qxf6 21.
Qxf6 gxf6 22. b3 Nc3 23. Rxd8 Rxd8 24. Nd4 b6 25. Bf3 e5 26. Ne2 e4 27. Nxc3
exf3 28. Rd1 Rc8 29. Ne4 Bb5 30. Nxf6+ Kf8 31. Nd5 Be2 32. Ra1 Rc2 33. b4 b5 34.
g4 Bc4 35. Nf4 Ke7 36. h4 Bb3 37. Kh2 Rxf2+ 38. Kg3 Rd2 39. Kxf3 Bd1+ 40. Kg3
Kd6 41. Rc1 Bc2 42. g5 hxg5 43. hxg5 Be4 44. Rc3 a6 45. Nh5 Ra2 46. Nf6 Bg6 47.
Kf3 Ke5 1/2-1/2

[Event "FIDE Women's Grand Swiss"]
[Site "Samarkand UZB"]
[Date "2025.09.07"]
[Round "4.19"]
[White "Kiolbasa, Oliwia"]
[Black "Muzychuk, Anna"]
[Result "1/2-1/2"]
[WhiteTitle "IM"]
[BlackTitle "GM"]
[WhiteElo "2405"]
[BlackElo "2535"]
[WhiteFideId "1154613"]
[BlackFideId "14111330"]
[EventDate "2025.09.04"]

1. e4 e5 2. Nf3 Nc6 3. Nc3 Nf6 4. Bc4 Bc5 5. d3 a6 6. Be3 d6 7. Bxc5 dxc5 8. Nd5
Be6 9. Ne3 O-O 10. Bxe6 fxe6 11. O-O Qe7 12. c3 Nd7 13. a4 b6 14. Qe2 Rf7 15.
Nd2 Raf8 16. g3 h6 17. h4 Nf6 18. Ndc4 Nd7 19. Nd2 Nf6 20. Ndc4 Nd7 21. Nd2 Nf6 1/2-1/2

[Event "FIDE Women's Grand Swiss"]
[Site "Samarkand UZB"]
[Date "2025.09.07"]
[Round "4.21"]
[White "Tokhirjonova, Gulrukhbegim"]
[Black "Osmak, Yuliia"]
[Result "1/2-1/2"]
[WhiteTitle "IM"]
[BlackTitle "IM"]
[WhiteElo "2372"]
[BlackElo "2478"]
[WhiteFideId "14203626"]
[BlackFideId "14101602"]
[EventDate "2025.09.04"]

1. d4 Nf6 2. c4 e6 3. Nf3 d5 4. g3 Bb4+ 5. Bd2 Be7 6. Bg2 O-O 7. O-O Nbd7 8. Qc2
a5 9. Bf4 c6 10. b3 Ne4 11. Nc3 f5 12. Nxe4 dxe4 13. Ne5 c5 14. dxc5 Nxc5 15.
Rad1 Qb6 16. Be3 Qc7 17. f4 exf3 18. Nxf3 e5 19. Ng5 e4 20. Nh3 Be6 21. Nf4 Rad8
22. Rxd8 Qxd8 23. Kh1 Qc8 24. Qc3 b6 25. Qe5 Rf6 26. Nd5 Bxd5 27. Qxe7 Be6 28.
Rd1 Rf8 29. Qd6 f4 30. Bxf4 Bh3 31. Qd5+ Be6 32. Qg5 h6 33. Qe7 Bh3 34. Qh4
Bxg2+ 35. Kxg2 Qe6 36. Rd8 Rxd8 37. Qxd8+ Kh7 38. h3 a4 39. b4 Qxc4 40. bxc5
Qxe2+ 41. Kg1 Qe1+ 42. Kg2 Qe2+ 43. Kg1 Qe1+ 44. Kg2 Qe2+ 45. Kg1 Qe1+ 1/2-1/2

[Event "FIDE Women's Grand Swiss"]
[Site "Samarkand UZB"]
[Date "2025.09.07"]
[Round "4.22"]
[White "Garifullina, Leya"]
[Black "Mkrtchian, Lilit"]
[Result "1-0"]
[WhiteTitle "IM"]
[BlackTitle "IM"]
[WhiteElo "2477"]
[BlackElo "2393"]
[WhiteFideId "34127035"]
[BlackFideId "13300601"]
[EventDate "2025.09.04"]

1. e4 c6 2. d4 d5 3. e5 Bf5 4. h4 a6 5. g4 Bd7 6. Be3 Qc8 7. Be2 e6 8. h5 c5 9.
c3 Bb5 10. Nd2 Nd7 11. f4 Ne7 12. Ngf3 Bxe2 13. Qxe2 cxd4 14. cxd4 Qc2 15. Kf2
Nc6 16. Rac1 Qa4 17. a3 h6 18. Qd3 Be7 19. f5 Nb6 20. Rc3 Kd7 21. Rhc1 Rac8 22.
Rb3 Na5 23. Rxc8 Nxc8 24. Rc3 Qd1 25. f6 gxf6 26. b4 Nc6 27. b5 axb5 28. Qxb5
Kc7 29. Rb3 b6 30. Rc3 Na7 31. Qa6 Ra8 32. exf6 Bd6 33. Bxh6 Qa1 34. Rb3 b5 35.
Be3 Rg8 36. g5 Qh1 37. Rc3 Ra8 38. Rxc6+ 1-0

[Event "FIDE Women's Grand Swiss"]
[Site "Samarkand UZB"]
[Date "2025.09.07"]
[Round "4.23"]
[White "Lu, Miaoyi"]
[Black "Narva, Mai"]
[Result "0-1"]
[WhiteTitle "IM"]
[BlackTitle "IM"]
[WhiteElo "2449"]
[BlackElo "2386"]
[WhiteFideId "8618020"]
[BlackFideId "4500512"]
[EventDate "2025.09.04"]

1. e4 c5 2. Nf3 d6 3. d4 cxd4 4. Nxd4 Nf6 5. Nc3 a6 6. Be2 e5 7. Nb3 Be7 8. O-O
O-O 9. Qd3 Be6 10. Rd1 Qc7 11. Be3 Nc6 12. a3 Rac8 13. Rac1 b5 14. Nd5 Bxd5 15.
exd5 e4 16. Qd2 Ne5 17. Bf4 Nfd7 18. Na5 Ng6 19. Be3 Nde5 20. c4 bxc4 21. Nxc4
Qb7 22. Na5 Qd7 23. Rxc8 Rxc8 24. Bxa6 Nf3+ 25. gxf3 Nh4 26. Kh1 Qh3 27. Bf1
Qxf3+ 28. Kg1 Qg4+ 29. Kh1 Qf3+ 30. Kg1 Qh5 31. Be2 Qg6+ 32. Bg4 Nf3+ 33. Kh1
Qxg4 34. Nc6 Nxd2 35. Nxe7+ Kf8 0-1

[Event "FIDE Women's Grand Swiss"]
[Site "Samarkand UZB"]
[Date "2025.09.07"]
[Round "4.24"]
[White "Arabidze, Meri"]
[Black "Omonova, Umida"]
[Result "0-1"]
[WhiteTitle "IM"]
[BlackTitle "WIM"]
[WhiteElo "2444"]
[BlackElo "2252"]
[WhiteFideId "13604040"]
[BlackFideId "14210363"]
[EventDate "2025.09.04"]

1. d4 d5 2. c4 e6 3. Nc3 c5 4. cxd5 exd5 5. Nf3 Nf6 6. g3 Nc6 7. Bg2 h6 8. O-O
Be6 9. b3 Rc8 10. Bb2 b6 11. Rc1 Be7 12. Qd3 O-O 13. Rfd1 Re8 14. Qb1 cxd4 15.
Nb5 Bc5 16. Nbxd4 Nxd4 17. Bxd4 Ne4 18. Qb2 Qe7 19. Qa1 Kh7 20. Ne5 Ba3 21. Rxc8
Rxc8 22. Nd3 f6 23. Nf4 Bf7 24. Bh3 Rc6 25. Qb1 g5 26. Bf5+ Kg7 27. Ng2 Nc3 28.
Bxc3 Rxc3 29. Bd3 d4 30. Ne1 Bd6 31. Nf3 Be5 32. Be4 Qb4 33. Qb2 g4 34. Nxe5
fxe5 35. Bf5 Qc5 36. Qd2 Bg6 37. Bxg4 Rc2 38. Qe1 h5 39. Bf3 Qc3 40. Qf1 e4 41.
Bh1 Rxa2 42. Rc1 Qd2 43. Ra1 Qxe2 44. Rxa2 Qxa2 45. Qc1 Qxb3 46. Qa1 Qb4 47.
Qxa7+ Kf6 48. Qb8 d3 49. Qh8+ Kf7 50. Qa1 d2 51. Qa2+ Kf6 52. Qa1+ Ke6 53. Bg2
Qb3 0-1

[Event "FIDE Women's Grand Swiss"]
[Site "Samarkand UZB"]
[Date "2025.09.07"]
[Round "4.25"]
[White "Beydullayeva, Govhar"]
[Black "Javakhishvili, Lela"]
[Result "1/2-1/2"]
[WhiteTitle "WGM"]
[BlackTitle "IM"]
[WhiteElo "2368"]
[BlackElo "2434"]
[WhiteFideId "13413015"]
[BlackFideId "13601458"]
[EventDate "2025.09.04"]

1. d4 Nf6 2. c4 e6 3. Nf3 Bb4+ 4. Nbd2 b6 5. a3 Bxd2+ 6. Nxd2 Bb7 7. e3 O-O 8.
b3 d5 9. cxd5 Qxd5 10. Bb2 Nbd7 11. f3 c5 12. Bc4 Qg5 13. Qe2 Nd5 14. f4 Qh4+
15. g3 Qe7 16. e4 Nc7 17. O-O cxd4 18. Bxd4 e5 19. Bb2 b5 20. Bd3 a6 21. b4 Rfe8
22. Rac1 Rac8 23. Bb1 Ne6 24. fxe5 Nb6 25. Qe3 Rcd8 26. Rfd1 Qg5 27. Qxb6 Rxd2
28. Rxd2 Qxd2 29. Qf2 Qd7 30. Qe3 h6 31. Bc2 Rc8 32. Rd1 Qe7 33. Bb3 Ng5 34. Rf1
Nh3+ 35. Kg2 Ng5 36. Kg1 Nh3+ 37. Kg2 Ng5 38. Bd5 Qd7 39. h4 Bxd5 40. hxg5 Be6
41. Rf2 hxg5 42. Rd2 Qe7 1/2-1/2

[Event "FIDE Women's Grand Swiss"]
[Site "Samarkand UZB"]
[Date "2025.09.07"]
[Round "4.26"]
[White "Kaliakhmet, Elnaz"]
[Black "Gunina, Valentina"]
[Result "1-0"]
[WhiteTitle "WIM"]
[BlackTitle "GM"]
[WhiteElo "2299"]
[BlackElo "2418"]
[WhiteFideId "13730169"]
[BlackFideId "4167570"]
[EventDate "2025.09.04"]

1. c4 d6 2. d4 e5 3. Nc3 exd4 4. Qxd4 Nc6 5. Qd2 Nf6 6. b3 a5 7. Bb2 a4 8. Rd1
axb3 9. axb3 g6 10. g3 Bg7 11. Bg2 O-O 12. Nf3 Nd7 13. Na4 Na5 14. Bxg7 Kxg7 15.
Qc2 Qf6 16. Nc3 Nc5 17. Nd4 Nc6 18. Nxc6 bxc6 19. b4 Bf5 20. e4 Ra3 21. Ne2 Rfa8
22. bxc5 Bg4 23. f3 Bxf3 24. O-O Ra2 25. Qc1 Ra1 26. Qxa1 Rxa1 27. Rxa1 Qe5 28.
Bxf3 Qxc5+ 29. Kg2 h5 30. h4 Kh6 31. Ra8 Qxc4 32. Rc8 f6 33. Rxc7 g5 34. hxg5+
fxg5 35. Rh1 h4 36. gxh4 g4 37. Bxg4 d5 38. Rc1 Qxe4+ 39. Kh3 Qe3+ 40. Ng3 Qxc1
41. Bf5 1-0

[Event "FIDE Women's Grand Swiss"]
[Site "Samarkand UZB"]
[Date "2025.09.07"]
[Round "4.27"]
[White "Kulon, Klaudia"]
[Black "Nassr, Lina"]
[Result "0-1"]
[WhiteTitle "IM"]
[BlackTitle "WIM"]
[WhiteElo "2361"]
[BlackElo "2060"]
[WhiteFideId "1131044"]
[BlackFideId "7908075"]
[EventDate "2025.09.04"]

1. e4 c5 2. Nf3 e6 3. d4 cxd4 4. Nxd4 Nf6 5. Nc3 Nc6 6. Be2 Bb4 7. O-O d6 8. a3
Bxc3 9. bxc3 Nxe4 10. Bf3 d5 11. a4 Nd6 12. Nb5 Nc4 13. Be2 N6a5 14. Bf4 O-O 15.
Qd4 e5 16. Bxe5 Nc6 17. Qc5 N4xe5 18. Rad1 Be6 19. c4 Qe7 20. Qxe7 Nxe7 21. cxd5
Nxd5 22. f4 a6 23. c4 Ne3 24. Nc7 Nxd1 25. Rxd1 Bxc4 26. Nxa8 Bxe2 27. Re1 Rxa8
28. Rxe2 Nc6 0-1

[Event "FIDE Women's Grand Swiss"]
[Site "Samarkand UZB"]
[Date "2025.09.07"]
[Round "4.28"]
[White "Manko, Mariia"]
[Black "Gomez Barrera, Javiera Belen"]
[Result "1-0"]
[WhiteTitle "WIM"]
[BlackTitle "WIM"]
[WhiteElo "2313"]
[BlackElo "2169"]
[WhiteFideId "14199220"]
[BlackFideId "3418723"]
[EventDate "2025.09.04"]

1. d4 d5 2. c4 e6 3. Nf3 Nf6 4. g3 Bb4+ 5. Nc3 O-O 6. Bg2 dxc4 7. O-O Nc6 8. a3
Be7 9. e4 a6 10. Be3 b5 11. Qc2 Rb8 12. Rad1 b4 13. Nb1 Bb7 14. Ne5 Nxe5 15.
dxe5 Nd7 16. axb4 Qc8 17. Ba7 Ra8 18. Bd4 Bxb4 19. Nd2 c5 20. Bc3 Nb6 21. f4 Bc6
22. Rde1 Qd7 23. Nb1 Rad8 24. g4 Bxc3 25. bxc3 a5 26. Qf2 Qe7 27. f5 exf5 28.
exf5 Bxg2 29. Kxg2 Rfe8 30. Nd2 Qb7+ 31. Kg1 Qd5 32. Nf3 Nd7 33. Qh4 f6 34. e6
Nb6 35. Re3 Qc6 36. g5 Nd5 37. Ne5 Qc7 38. Qxh7+ Kxh7 39. Rh3+ Kg8 40. Ng6 1-0

[Event "FIDE Women's Grand Swiss"]
[Site "Samarkand UZB"]
[Date "2025.09.08"]
[Round "5.1"]
[White "Vaishali, Rameshbabu"]
[Black "Lagno, Kateryna"]
[Result "1/2-1/2"]
[WhiteTitle "GM"]
[BlackTitle "GM"]
[WhiteElo "2452"]
[BlackElo "2505"]
[WhiteFideId "5091756"]
[BlackFideId "14109336"]
[EventDate "2025.09.04"]

1. e4 e5 2. Nf3 Nc6 3. Bb5 a6 4. Ba4 Nf6 5. O-O Be7 6. Bxc6 dxc6 7. d3 Qd6 8.
Nbd2 Be6 9. Ng5 Nd7 10. Nxe6 Qxe6 11. Nc4 O-O-O 12. f4 exf4 13. Bxf4 f5 14. exf5
Qxf5 15. Kh1 Qd5 16. Qe1 Rde8 17. Qg3 Bd8 18. Rae1 Rxe1 19. Qxe1 Rf8 20. b3 Qh5
21. Bd2 Re8 22. Qd1 Qxd1 23. Rxd1 b5 24. Ne3 Bg5 25. Nf1 Bxd2 26. Nxd2 Nf6 27.
Kg1 Nd5 28. Ne4 Nb4 29. Nc5 Nxc2 30. Rf1 Re1 31. Rxe1 Nxe1 32. Kf2 Nc2 33. Nxa6
Kd7 34. Ke2 Kd6 35. b4 Nd4+ 1/2-1/2

[Event "FIDE Women's Grand Swiss"]
[Site "Samarkand UZB"]
[Date "2025.09.08"]
[Round "5.2"]
[White "Stefanova, Antoaneta"]
[Black "Khamdamova, Afruza"]
[Result "1/2-1/2"]
[WhiteTitle "GM"]
[BlackTitle "WIM"]
[WhiteElo "2395"]
[BlackElo "2409"]
[WhiteFideId "2902257"]
[BlackFideId "14210444"]
[EventDate "2025.09.04"]

1. e4 e5 2. Nf3 Nc6 3. g3 Nf6 4. d3 d5 5. exd5 Nxd5 6. Bg2 Bd6 7. O-O O-O 8. c3
Nf6 9. Nbd2 h6 10. Re1 Be6 11. b4 a6 12. Bb2 Qd7 13. a4 Rad8 14. b5 Ne7 15. c4
Ng6 16. Qc2 Bb4 17. Ba3 Bxa3 18. Rxa3 Bf5 19. Nxe5 Nxe5 20. Rxe5 Bxd3 21. Qc1
Bg6 22. Nf1 Qd4 23. Qc3 Be4 24. Qxd4 Rxd4 25. Rc5 Bxg2 26. Kxg2 Rc8 27. bxa6
bxa6 28. Rb3 Nd7 29. Rd5 Rxd5 30. cxd5 Nb6 31. Ne3 1/2-1/2

[Event "FIDE Women's Grand Swiss"]
[Site "Samarkand UZB"]
[Date "2025.09.08"]
[Round "5.3"]
[White "Bulmaga, Irina"]
[Black "Wagner, Dinara"]
[Result "0-1"]
[WhiteTitle "IM"]
[BlackTitle "IM"]
[WhiteElo "2400"]
[BlackElo "2400"]
[WhiteFideId "13903063"]
[BlackFideId "24157570"]
[EventDate "2025.09.04"]

1. e4 c5 2. Nf3 d6 3. d4 cxd4 4. Nxd4 Nf6 5. Nc3 a6 6. f4 e5 7. Nb3 Nbd7 8. g4
d5 9. exd5 Nb6 10. g5 Nfxd5 11. Bg2 Nxf4 12. Qxd8+ Kxd8 13. Bxf4 exf4 14. a4 Bg4
15. O-O Bd6 16. a5 Nc4 17. Ra4 Ne3 18. Rf2 Kc7 19. Nd5+ Nxd5 20. Rc4+ Kb8 21.
Bxd5 Ka7 22. Bxf7 Rhf8 23. Rd4 Bc7 24. Bd5 Rae8 25. Kg2 h6 26. h3 Bc8 27. gxh6
gxh6 28. Re4 Rd8 29. c4 Rd6 30. Rf3 Rg6+ 31. Kf2 Rg3 32. Nc5 Bd6 33. Ne6 Rf6 34.
b3 h5 35. Ke2 h4 36. Kf2 Rfg6 37. Ke2 Rxf3 38. Kxf3 Rg3+ 39. Kf2 Bxe6 40. Bxe6
Rxb3 41. Bg4 Bc5+ 42. Ke2 Re3+ 43. Rxe3 fxe3 44. Kd3 b6 45. axb6+ Kxb6 46. Kc3
a5 47. Bd1 Kc6 48. Kd3 Kd6 49. Ba4 Ke5 50. Bc6 Kf4 51. Ke2 Bb6 52. Bb7 a4 53. c5
Bxc5 54. Bc6 a3 55. Bd5 Bb6 56. Bf7 Ke4 57. Be6 Kd4 0-1

[Event "FIDE Women's Grand Swiss"]
[Site "Samarkand UZB"]
[Date "2025.09.08"]
[Round "5.4"]
[White "Kosteniuk, Alexandra"]
[Black "Fataliyeva, Ulviyya"]
[Result "0-1"]
[WhiteTitle "GM"]
[BlackTitle "IM"]
[WhiteElo "2472"]
[BlackElo "2385"]
[WhiteFideId "4128125"]
[BlackFideId "13403052"]
[EventDate "2025.09.04"]

1. e4 c5 2. Nf3 e6 3. b3 a6 4. Bb2 Nc6 5. c4 Qc7 6. g3 Nf6 7. e5 Ng4 8. Qe2 b5
9. Na3 Qb6 10. Bg2 Rb8 11. O-O Nh6 12. Nc2 bxc4 13. Qxc4 a5 14. Rfc1 Be7 15. Ne3
Ba6 16. Qe4 O-O 17. Nc4 Qd8 18. d4 a4 19. dxc5 Bxc5 20. Bc3 axb3 21. axb3 Bb7
22. Qe1 Ng4 23. Rc2 Nb4 24. Bxb4 Bxb4 25. Qxb4 Bxf3 26. Qc3 Bxg2 27. Kxg2 f6 28.
exf6 Nxf6 29. Ra7 Ra8 30. Rxa8 Qxa8+ 31. Kg1 Ne4 32. Qe3 Qd5 33. Re2 Ng5 34. f4
Nh3+ 0-1

[Event "FIDE Women's Grand Swiss"]
[Site "Samarkand UZB"]
[Date "2025.09.08"]
[Round "5.5"]
[White "Danielian, Elina"]
[Black "Tan, Zhongyi"]
[Result "0-1"]
[WhiteTitle "GM"]
[BlackTitle "GM"]
[WhiteElo "2405"]
[BlackElo "2531"]
[WhiteFideId "13300210"]
[BlackFideId "8603642"]
[EventDate "2025.09.04"]

1. Nf3 d5 2. g3 c5 3. Bg2 Nc6 4. d4 e6 5. O-O cxd4 6. Nxd4 Bc5 7. Nxc6 bxc6 8.
c4 Nf6 9. Qc2 Qe7 10. Bg5 O-O 11. Nd2 Bb6 12. e4 h6 13. Bxf6 Qxf6 14. exd5 exd5
15. cxd5 cxd5 16. Bxd5 Bh3 17. Bg2 Rac8 18. Qa4 Be6 19. Rab1 Rfd8 20. Ne4 Qe5
21. Nc3 Rd2 22. Qe4 Qxe4 23. Nxe4 Rdc2 24. a4 Ba2 25. Nd6 Rd8 26. Rbd1 Rxb2 27.
Be4 Bb3 28. Rb1 Rxb1 29. Rxb1 Bxa4 30. Nc4 Bc5 31. Ne5 Re8 32. Nd3 Bb6 33. Rb4
Bd7 34. Nf4 Bc5 35. Rc4 Rc8 36. Kg2 Bb6 37. Rb4 f5 38. Bf3 Rc2 39. Bd5+ Kh7 40.
Nd3 Rd2 41. Rb3 Ba4 42. Rc3 Bb5 43. Be6 g6 44. Nc5 Rd1 45. h4 Bc6+ 46. f3 Rd2+
47. Kf1 h5 48. Bb3 Ba5 49. Re3 Bb5+ 50. Kg1 Bb6 51. Re7+ Kh6 52. Re5 Re2 53.
Rxe2 Bxe2 0-1

[Event "FIDE Women's Grand Swiss"]
[Site "Samarkand UZB"]
[Date "2025.09.08"]
[Round "5.6"]
[White "Assaubayeva, Bibisara"]
[Black "Salimova, Nurgyul"]
[Result "1-0"]
[WhiteTitle "GM"]
[BlackTitle "IM"]
[WhiteElo "2505"]
[BlackElo "2386"]
[WhiteFideId "13708694"]
[BlackFideId "2915138"]
[EventDate "2025.09.04"]

1. e4 e5 2. Nf3 Nf6 3. d4 Nxe4 4. dxe5 d5 5. Nbd2 Qd7 6. Bd3 Nc5 7. Be2 Ne6 8.
O-O Be7 9. Re1 O-O 10. Nf1 c5 11. Ng3 Nc6 12. c3 Rd8 13. Bd3 g6 14. h4 c4 15.
Bf1 b5 16. a4 bxa4 17. Rxa4 Nc5 18. Ra2 Qc7 19. Qd2 Nb3 20. Qf4 Nxc1 21. Qxc1
Bg4 22. Nh2 Be6 23. Nf3 Bg4 24. Nh2 Be6 25. Nf3 h5 26. Qf4 Bf8 27. Ne2 Bg4 28.
Ned4 Bxf3 29. Nxf3 Bg7 30. Qg5 Qe7 31. e6 Bf6 32. Qg3 Kg7 33. exf7 Qxf7 34. Ra6
Rac8 35. Ng5 Bxg5 36. Qxg5 Rd7 37. g3 Rb7 38. Re2 Qf5 39. Qxf5 gxf5 40. Bg2 Ne7
41. Rae6 Ng6 42. Bxd5 Rb5 43. Rd6 Rcc5 44. Ree6 Rxd5 45. Rxg6+ Kf7 46. Rxd5 Rxd5
47. Rc6 Rb5 48. Rxc4 Rxb2 49. Rc7+ Kf6 50. Rxa7 f4 51. Ra5 fxg3 52. fxg3 Kg6 53.
Rg5+ Kh6 54. c4 1-0

[Event "FIDE Women's Grand Swiss"]
[Site "Samarkand UZB"]
[Date "2025.09.08"]
[Round "5.7"]
[White "Yip, Carissa"]
[Black "Girya, Olga"]
[Result "0-1"]
[WhiteTitle "IM"]
[BlackTitle "GM"]
[WhiteElo "2458"]
[BlackElo "2386"]
[WhiteFideId "2090732"]
[BlackFideId "4195752"]
[EventDate "2025.09.04"]

1. e4 e5 2. Nf3 Nc6 3. Bc4 Bc5 4. c3 Nf6 5. d3 a6 6. O-O d6 7. Re1 Ba7 8. Nbd2
O-O 9. Nf1 Na5 10. Bb3 Nxb3 11. axb3 Ng4 12. d4 exd4 13. cxd4 f5 14. Bg5 Nf6 15.
e5 dxe5 16. dxe5 Qxd1 17. Raxd1 Ne4 18. Be3 c5 19. Rc1 Be6 20. b4 b6 21. Ra1 Bb8
22. bxc5 bxc5 23. Rec1 Rc8 24. h4 a5 25. Bf4 Ra6 26. Ne3 Rb6 27. Rc2 a4 28. g3
Rb4 29. Rac1 Ba7 30. Nd2 Nxd2 31. Rxd2 Rd4 32. Rxd4 cxd4 33. Rxc8+ Bxc8 34. Nd5
Kf7 35. Kf1 Be6 36. Nc7 Bc4+ 37. Ke1 Bb6 38. e6+ Bxe6 39. Nxe6 Kxe6 40. Kd2 Kd5
41. Kd3 h5 42. Bd2 Kc5 43. Be1 Kb5 44. Bd2 g6 45. f3 Kc5 46. Be1 Bc7 47. f4 Bb6
48. Bd2 Kb5 49. Be1 Bc5 50. Bf2 Kb4 51. Kd2 Kc4 52. Bg1 Bb4+ 53. Kc2 Be1 0-1

[Event "FIDE Women's Grand Swiss"]
[Site "Samarkand UZB"]
[Date "2025.09.08"]
[Round "5.8"]
[White "Tsolakidou, Stavroula"]
[Black "Balajayeva, Khanim"]
[Result "1/2-1/2"]
[WhiteTitle "IM"]
[BlackTitle "IM"]
[WhiteElo "2445"]
[BlackElo "2331"]
[WhiteFideId "4264312"]
[BlackFideId "13406396"]
[EventDate "2025.09.04"]

1. e4 e5 2. Nf3 Nc6 3. Bb5 a6 4. Ba4 Nf6 5. O-O Be7 6. d3 b5 7. Bb3 d6 8. Bd2
Bg4 9. c3 Na5 10. Bc2 c5 11. h3 Bh5 12. Re1 O-O 13. Bc1 Nc6 14. Nbd2 Qc7 15. Nf1
d5 16. Ng3 Bg6 17. Nh4 Rad8 18. Qe2 d4 19. Nhf5 Ne8 20. cxd4 Bxf5 21. Nxf5 Nxd4
22. Nxd4 Rxd4 23. Be3 Rd7 24. Bb3 Nf6 25. Rac1 Rc8 26. Red1 h6 27. g3 Qd8 28.
Kh2 Bf8 29. f4 exf4 30. gxf4 Kh8 31. Bc2 Qe8 32. Rd2 Qe6 33. Bb3 Qe8 34. Qg2
Rcd8 35. Rcd1 Qe7 1/2-1/2

[Event "FIDE Women's Grand Swiss"]
[Site "Samarkand UZB"]
[Date "2025.09.08"]
[Round "5.9"]
[White "Guo, Qi"]
[Black "Ushenina, Anna"]
[Result "1-0"]
[WhiteTitle "IM"]
[BlackTitle "GM"]
[WhiteElo "2371"]
[BlackElo "2409"]
[WhiteFideId "8604002"]
[BlackFideId "14110911"]
[EventDate "2025.09.04"]

1. d4 d5 2. c4 e6 3. Nf3 Nf6 4. Nc3 dxc4 5. e3 a6 6. a4 c5 7. Bxc4 Nc6 8. O-O
Bd6 9. Qe2 O-O 10. Rd1 Qe7 11. h3 e5 12. dxc5 Bxc5 13. e4 Nd4 14. Nxd4 Bxd4 15.
Nd5 Nxd5 16. Bxd5 Be6 17. Be3 Bxe3 18. Qxe3 Rfd8 19. Qa3 Qxa3 20. Rxa3 Rd7 21.
Rb3 Rad8 22. Kf1 Kf8 23. Ke2 Bxd5 24. exd5 Rc8 25. Rb4 Ke7 26. Ke3 Rc5 27. Rd3
b5 28. axb5 axb5 29. Ke4 Kd6 30. Rdb3 Rb7 31. Ra4 f5+ 32. Ke3 Rxd5 33. Ra6+ Ke7
34. g4 fxg4 35. hxg4 Rd4 36. f3 Kd7 37. Rd3 Rxd3+ 38. Kxd3 Rc7 39. Rb6 g6 40.
Ke4 Rc5 41. b4 Rc4+ 42. Kxe5 Rxb4 43. Rb7+ Ke8 44. Rxh7 g5 45. Ke6 Kf8 46. Rf7+
Ke8 47. Rf5 Rb3 48. Kf6 Kd7 49. Kxg5 Kc6 50. f4 b4 51. Rf8 Rd3 52. f5 b3 53. Rb8
Kc5 54. f6 Rf3 55. Kg6 Kc4 56. f7 1-0